“Peter Cottontail” Lyrics - Statistics

General Stats
  • This quiz has been taken 40 times
  • The average score is 29 of 82
Answer Stats
Answer % Correct
{Cottontail},
96%
Peter
96%
comes
91%
he
91%
Here
91%
here
91%
the
91%
do
87%
{trail}.
87%
hoppin’
83%
{hoppin’},
83%
bunny
78%
down
78%
Hippity
70%
its
61%
on
61%
Easter
57%
an
52%
Easter’s
52%
{way}!
52%
{day}!
48%
to
48%
and
43%
{hoppity},
43%
for
39%
happy
39%
every
35%
girl
35%
was
35%
you
35%
boy
30%
{joy},
30%
there
30%
{too}.
30%
your
30%
Bringin’
26%
eggs
26%
of
26%
sister
26%
baskets
22%
{bonnet},
22%
chocolate
22%
full
22%
He’s
22%
he’s
22%
if
22%
{Oh},
22%
{Sue}.
22%
that
22%
colored
17%
find
17%
he’ll
17%
hiding
17%
lots
17%
make
17%
{mommy},
17%
orchid
17%
roll
17%
There’s
17%
things
17%
{Tommy},
17%
up
17%
when
17%
beans
13%
bright
13%
bunnies
13%
{everywhere}!
13%
extra
13%
{gay}.
13%
{good},
13%
got
13%
jelly
13%
know
13%
{Maybe},
13%
mornin’
13%
{should}.
13%
those
13%
Try
13%
wake
13%
You’ll
13%
you’ll
13%
you’re
13%
No matching quizzes found
Score Distribution
Percent of People with Each Score
Percentile by Number Answered
Your Score History
You have not taken this quiz